000 00423nam a2200181Ia 4500
001 10682
005 20260306161850.0
008 260306t1955||||xx |||||||||||||| ||spa||
041 _aESP
082 _a946.072
_bO44
100 _aOlivar Bertrand, Rafael
_eAUT
245 0 _aAsí cayó Isabel II
260 _c1955
300 _a436 páginas :
_c25 cm.
650 _aGEN
654 _aCHU
942 _cLIB
_dJUS
_fJUS
_2ddc
_n
999 _c10682
_d10682